| 000 | 01144nam a22002537a 4500 | ||
|---|---|---|---|
| 999 |
_c2009 _d2009 |
||
| 003 | AR-CdUCM | ||
| 008 | 190228b ||||| |||| 00| 0 spa d | ||
| 020 | _a848387024X | ||
| 020 | _a10220879 | ||
| 040 |
_aMUNICIPALIDAD PROVINCIAL DEL CUSCO _cBIBLIOTECA MUNICIPAL DEL CUSCO |
||
| 082 |
_a983.033 / _bO´99 |
||
| 100 |
_aO'Phelan Godoy, Scarlett _9621 |
||
| 245 |
_aLa gran rebelión en los Andes : _bde Túpac Amaru a Túpac Catari / |
||
| 260 |
_aCusco : _bCentro de Estudios Regionales Andinos Bartolomé de las Casas, _c1995. |
||
| 300 |
_a237 páginas ; _c24 cm. |
||
| 440 |
_aArchivos de historia andina. _n20 _97307 |
||
| 500 | _aEnsayos en torno a la gran rebelión de 1780-81 que comprendió el Bajo y Alto Perú, también conocida como la rebelión de Túpac Amaru. Incluye el estudio sobre diversos aspectos económicos y sociales relacionados con las insurrecciones andinas del siglo XVIII. | ||
| 650 |
_aMovimientos campesinos _97308 |
||
| 650 |
_aHistoria Perú _94248 |
||
| 650 |
_aRevolución de Túpac Amaru, 1780-1784 _95748 |
||
| 650 |
_aHistoria del Perú siglo XVIII _97309 |
||
| 942 |
_2ddc _cLIBROS |
||
| 945 | _azta | ||